| 000 | 01203nam a22002777a 4500 | ||
|---|---|---|---|
| 005 | 20101206113148.0 | ||
| 008 | 101206t xxu||||| |||| 00| 0 hin d | ||
| 010 | _aHIN-93242 | ||
| 020 |
_c180.00 _a9789381067154 |
||
| 035 | _aHN-65588 | ||
| 037 | _bDBAD/PUB | ||
| 040 |
_aDPL _bHN |
||
| 082 | _a500 | ||
| 100 |
_924598 _aआर्य, साक्षी |
||
| 245 |
_aअद्भुत विज्ञान / _cसाक्षी आर्य |
||
| 246 |
_aAdbudh Vigyan _bby Sakshi Arya |
||
| 260 |
_aदिल्ली _bआर्या पब्लिकेशन्स _c2011 |
||
| 270 |
_bदिल्ली _aए-20, गली न.4, हरदेव पुरी, 100 फुटा रोड़,पंजाब नैशनल बैंक के सामने _e110093 _k011- 22813582 _maaryapub@yahoo.in |
||
| 300 |
_a144पृ. _c22सेमी (सजिल्द) _bसचित्र |
||
| 650 | _91169 | ||
| 650 | _929580 | ||
| 700 | _924599 | ||
| 700 | _924924 | ||
| 942 |
_2ddc _cHN _mआर्यसा _h500 |
||
| 999 |
_c53961 _d53961 |
||